| 000 | 02191nam0a2200409 4500 | ||
|---|---|---|---|
| 001 | RU\NLR\bibl\1678240 | ||
| 005 | 20250616050609.0 | ||
| 010 |
_a978-5-7691-2142-5 _9100 |
||
| 021 |
_aRU _b2010-58740 _93846 |
||
| 035 | _a(nilc)RSL-KNO-004714384 | ||
| 035 | _a(NLR Aleph) 001669461 | ||
| 090 |
_a1032123 _c1032123 |
||
| 100 | _a20100803d2010 |||y0rusy50 ca | ||
| 101 | 0 |
_arus _deng |
|
| 102 | _aRU | ||
| 105 | _aa ||||||||| | ||
| 200 | 1 |
_aМинералогия техногенеза - 2010 _e[сборник докладов XI научного семинара, 23-26 июня 2010 г., г. Миасс _fотв. ред. С. С. Потапов] |
|
| 210 |
_aМиасс _cИМин УрО РАН _d2010 |
||
| 215 |
_a287 с. _cил., портр., табл. _d20 |
||
| 300 | _aВ надзаг.: Российская акад. наук, Уральское отд-ние, Ин-т минералогии, Рос. минерал. о-во, Ильмен. отд-ние, Раб. группа по соврем. минералообразованию | ||
| 300 | _a25-летнему юбилею создания лаб. минералогии техногенеза Ин-та минералогии УрО РАН посвящается. 1985-2010 | ||
| 300 | _aРез. на англ. яз. | ||
| 320 | _aБиблиогр. в конце ст. | ||
| 606 | 1 |
_aТехногенез _jСъезды, совещания и т.п. _xМинералогия _91612407 _3RU\NLR\auth\66710675 |
|
| 610 | 0 | _aНауки о Земле -- Геологические науки -- Минералогия -- Технологическая минералогия -- Материалы конференции | |
| 686 |
_aД330.8я431(2) _2rubbk |
||
| 686 | _aД330.8я431 | ||
| 702 | 1 |
_aПотапов _bС. С. _gСергей Сергеевич _4340 |
|
| 711 | 1 | 2 |
_a"Минералогия техногенеза - 2010", научный семинар _d11 _eМиасс _9823801 _3RU\NLR\AUTH\8810163892 |
| 801 | 0 |
_aRU _bРГБ _c20100803 _grcr |
|
| 801 | 1 |
_aRU _bРГБ _c20100803 |
|
| 801 | 2 |
_aRU _bNLR _c20100927 _grcr |
|
| 942 | _cBOOK | ||
| 980 | _aNB | ||
| 980 | _aNBR | ||